000 00832nam a2200265Ia 4500
003 OSt
005 20221005040132.0
006 a|||||r|||| 00| 0
007 ta
008 221004b |||||||| |||| 00| 0 eng d
020 _a8120819675 (hbk)
_c395
024 _a89334
037 _b19387, 17/03/2008, Motilal Banarsidass
_cTextual
040 _aCRL
_cCRL
_beng
041 _2eng
_aeng
082 _aR6946, P4-;1
100 _aFernando Tola
_9588920
245 0 _aBeing as consciousness
_b yogacara philosophy of buddhism
260 _aDelhi
_bMotilal Babarsidass India
_c2004
300 _axl,270p.
_ccm.
650 _aPHILOSOPHY
700 _a Dragonetti Carmen
942 _hR6946, P4-;1
_cTEXL
_2cc
999 _c946458
_d946458